000 00279nam a22001337a 4500
003 SGT
082 _a617.3
_bO17E
100 _aEBNEZAR, JOHN
245 _aTB. OF ORTHOPEDICS
260 _aINDIA
_bJAYPEE
_c2017
300 _a940
650 _aORTHOPEDIC
942 _2ddc
_cBK
_015
999 _c14593
_d14593